The Geophysiology of Amazonia : (Record no. 69019)
[ view plain ]
| 000 -LEADER | |
|---|---|
| fixed length control field | 01740nam a2200313 a 4500 |
| 001 - CONTROL NUMBER | |
| control field | 69019 |
| 003 - CONTROL NUMBER IDENTIFIER | |
| rucl marc code | BD-RjUL |
| 005 - DATE AND TIME OF LATEST TRANSACTION | |
| control field | 20211209081836.0 |
| 008 - FIXED-LENGTH DATA ELEMENTS--GENERAL INFORMATION | |
| fixed length control field | 170409s1987 nyuabf b 101 0 eng d |
| 020 ## - INTERNATIONAL STANDARD BOOK NUMBER | |
| International Standard Book Number | 0471845116 |
| 040 ## - CATALOGING SOURCE | |
| Original cataloging agency | BD-RjUL |
| Language of cataloging | eng |
| Transcribing agency | BD-RjUL |
| 041 ## - LANGUAGE CODE | |
| Language code of text/sound track or separate title | eng |
| 082 ## - DEWEY DECIMAL CLASSIFICATION NUMBER | |
| Edition number | 23 |
| Classification number | 551.69811 |
| Author mark and year | GEO 1987 |
| 245 04 - TITLE STATEMENT | |
| Title | The Geophysiology of Amazonia : |
| Remainder of title | vegetation and climate interactions / |
| Statement of responsibility, etc. | Robert E. Dickinson, editor |
| 260 ## - PUBLICATION, DISTRIBUTION, ETC. (IMPRINT) | |
| Place of publication, distribution, etc. | New York : |
| Name of publisher, distributor, etc. | Wiley for the United Nations University, |
| Date of publication, distribution, etc. | c1987 |
| 300 ## - PHYSICAL DESCRIPTION | |
| Pagination | xvii, 526, [2] p. : |
| Illustrations | ill. ; |
| Size | 24 cm. |
| 490 1# - SERIES STATEMENT | |
| Series statement | Wiley series in climate and the biosphere |
| 500 ## - GENERAL NOTE | |
| General note | Results of the International Conference on Climatic, Biotic, and Human Interactions in the Humid Tropics with Emphasis on the Vegetation and Climate Interactions in Amazonia, convened by the United Nations University at the Instituto de Pesquisas Espaciais in São José dos Campos, Brazil, Feb. 25-Mar. 1, 1985 |
| 504 ## - BIBLIOGRAPHY, ETC. NOTE | |
| Bibliography, etc | Includes bibliographies and index |
| 650 #0 - SUBJECT ADDED ENTRY--TOPICAL TERM | |
| Topical term or geographic name as entry element | Vegetation and climate |
| Geographic subdivision | Amazon River Region |
| General subdivision | Congresses. |
| 9 (RLIN) | 204483 |
| Topical term or geographic name as entry element | Biogeochemical cycles |
| Geographic subdivision | Amazon River Region |
| General subdivision | Congresses |
| 9 (RLIN) | 204484 |
| 651 #0 - SUBJECT ADDED ENTRY--GEOGRAPHIC NAME | |
| Geographic name | Amazon River Region |
| General subdivision | Climate |
| -- | Congresses |
| 9 (RLIN) | 204485 |
| 700 1# - ADDED ENTRY--PERSONAL NAME | |
| Personal name | Dickinson, Robert E. |
| Fuller form of name | (Robert Earl), |
| Dates associated with a name | 1940- |
| 710 2# - ADDED ENTRY--CORPORATE NAME | |
| Corporate name or jurisdiction name as entry element | United Nations University. |
| 9 (RLIN) | 143672 |
| 711 2# - ADDED ENTRY--MEETING NAME | |
| Meeting name or jurisdiction name as entry element | International Conference on Climatic, Biotic, and Human Interactions in the Humid Tropics with Emphasis on the Vegetation and Climate Interactions in Amazonia |
| Date of meeting | (1985 : |
| Location of meeting | Instituto de Pesquisas Espaciais, São José dos Campos, São Paulo, Brazil) |
| 9 (RLIN) | 204487 |
| 830 #0 - SERIES ADDED ENTRY--UNIFORM TITLE | |
| Uniform title | Wiley series in climate and the biosphere |
| Uniform title | Wiley-Interscience publication |
| 942 ## - ADDED ENTRY ELEMENTS (KOHA) | |
| Source of classification or shelving scheme | Dewey Decimal Classification |
| Koha item type | Books |
| Lost status | Source of classification or shelving scheme | Damaged status | Not for loan | Collection code | Permanent Location | Current Location | Shelving location | Date acquired | Source of acquisition | Total Checkouts | Full call number | Date last seen | Copy number | Koha item type |
|---|---|---|---|---|---|---|---|---|---|---|---|---|---|---|
| Dewey Decimal Classification | Not For Loan | Non-fiction | Central Library, University of Rajshahi | Central Library, University of Rajshahi | Reading Room | 29/10/1989 | Asia Foundation | 551.69811 GEO 1987 | 09/04/2017 | C-1 | Books |